Southville International School and Colleges
Your cart is empty.
  • Cart
  • Lists
    Public lists Eva Luna New books Lux_list list_1
    Your lists Log in to create your own lists
  • Log in to your account
  • Your cookies
  • Search history
Southville International School and Colleges
  • Advanced search
  • Recent comments
  • Most popular
  • Libraries

Log in to your account

Log in with GOOGLE


If you do not have an external account, but do have a local account, you can still log in:

  1. Home
  2. MARC view: The carousel /
Normal view MARC view ISBD view

The carousel / (Record no. 11434)

[ view plain ]
MARC details
000 -LEADER
fixed length control field 01194pam a2200337 a 4500
001 - CONTROL NUMBER
control field 3489276
003 - CONTROL NUMBER IDENTIFIER
control field LC
005 - DATE AND TIME OF LATEST TRANSACTION
control field 20160314144704.0
008 - FIXED-LENGTH DATA ELEMENTS--GENERAL INFORMATION
fixed length control field 941114s1995 nyu 000 1 eng
010 ## - LIBRARY OF CONGRESS CONTROL NUMBER
LC control number 94045096
020 ## - INTERNATIONAL STANDARD BOOK NUMBER
International Standard Book Number 0440216842
040 ## - CATALOGING SOURCE
Original cataloging agency DLC
Transcribing agency DLC
Modifying agency DLC
-- OCoLC
-- DLC
043 ## - GEOGRAPHIC AREA CODE
Geographic area code n-us-ny
050 00 - LIBRARY OF CONGRESS CALL NUMBER
Classification number PS 3566 .L254
Item number .P698 1995
082 00 - DEWEY DECIMAL CLASSIFICATION NUMBER
Classification number FIC
Item number P69c 1995
100 1# - MAIN ENTRY--PERSONAL NAME
Personal name Plain, Belva.
9 (RLIN) 20223
245 14 - TITLE STATEMENT
Title The carousel /
Statement of responsibility, etc Belva Plain.
260 ## - PUBLICATION, DISTRIBUTION, ETC. (IMPRINT)
Place of publication, distribution, etc New York, N.Y. :
Name of publisher, distributor, etc Delacorte Press,
Date of publication, distribution, etc 1995.
300 ## - PHYSICAL DESCRIPTION
Extent 342 p. ;
Dimensions 25 cm.
650 ## - SUBJECT ADDED ENTRY--TOPICAL TERM
Topical term or geographic name as entry element Fiction
9 (RLIN) 746
650 ## - SUBJECT ADDED ENTRY--TOPICAL TERM
Topical term or geographic name as entry element Suspense stories
9 (RLIN) 18339
651 #0 - SUBJECT ADDED ENTRY--GEOGRAPHIC NAME
Geographic name New York (State)
General subdivision Fiction.
9 (RLIN) 20224
655 #7 - INDEX TERM--GENRE/FORM
Genre/form data or focus term Domestic fiction.
Source of term lcsh
9 (RLIN) 2796
655 #7 - INDEX TERM--GENRE/FORM
Genre/form data or focus term Love stories.
Source of term gsafd
9 (RLIN) 2799
856 42 - ELECTRONIC LOCATION AND ACCESS
Materials specified Publisher description
Uniform Resource Identifier <a href="http://www.loc.gov/catdir/description/random047/94045096.html">http://www.loc.gov/catdir/description/random047/94045096.html</a>
856 42 - ELECTRONIC LOCATION AND ACCESS
Materials specified Contributor biographical information
Uniform Resource Identifier <a href="http://www.loc.gov/catdir/enhancements/fy0703/94045096-b.html">http://www.loc.gov/catdir/enhancements/fy0703/94045096-b.html</a>
906 ## - LOCAL DATA ELEMENT F, LDF (RLIN)
a 7
b cbc
c orignew
d 1
e ocip
f 19
g y-gencatlg
942 ## - ADDED ENTRY ELEMENTS (KOHA)
Source of classification or shelving scheme Library of Congress Classification
Koha item type Books
Holdings
Withdrawn status Lost status Source of classification or shelving scheme Damaged status Home library Current library Shelving location Date acquired Source of acquisition Total Checkouts Full call number Barcode Date last seen Copy number Price effective from Koha item type
    Library of Congress Classification   Luxembourg Library Luxembourg Library Fiction Section 09/16/2013 Donation   PS 3566 .L254 .P698 1995 5970 09/16/2013 1 09/16/2013 Books

The carousel /

APA

Plain B., . (1995). The carousel. New York, N.Y: Delacorte Press.

Chicago

Plain Belva, . 1995. The carousel. New York, N.Y: Delacorte Press.

Harvard

Plain B., . (1995). The carousel. New York, N.Y: Delacorte Press.

MLA

Plain Belva, . The carousel. New York, N.Y: Delacorte Press. 1995.

  • Place hold
  • Print
  • Cite
  • Add to your cart (remove)
  • Save record
    BIBTEX Dublin Core MARCXML MARC (non-Unicode/MARC-8) MARC (Unicode/UTF-8) MARC (Unicode/UTF-8, Standard) MODS (XML) RIS
  • More searches
    Search for this title in:
    Other Libraries (WorldCat) Other Databases (Google Scholar) Online Stores (Bookfinder.com) Open Library (openlibrary.org)

Exporting to Dublin Core...

SOUTHVILLE LIBRARY

Southville International School and Colleges Library

1281 Tropical Ave. Cor. Luxembourg St., BF Homes International, Las Pinas City

Tel. No. 8256374 / 252358 Loc. 117/146

Powered by Koha